ArTeC Robo : (Record no. 193379)
[ view plain ]
| 000 -LEADER | |
|---|---|
| fixed length control field | 01852nrm a2200409 ia4500 |
| 005 - DATE AND TIME OF LATEST TRANSACTION | |
| control field | 20231106145036.0 |
| 008 - FIXED-LENGTH DATA ELEMENTS--GENERAL INFORMATION | |
| fixed length control field | 231018s2023 my gleng d |
| 024 ## - OTHER STANDARD IDENTIFIER | |
| Standard number or code | 4548030978716 |
| Terms of availability | RM 1, 054.50 |
| 040 ## - CATALOGING SOURCE | |
| Language of cataloging | eng |
| Transcribing agency | PPAK |
| Original cataloging agency | PPAK |
| Description conventions | rda |
| 082 04 - DEWEY DECIMAL CLASSIFICATION NUMBER | |
| Classification number | 629.893 |
| Edition number | 23 |
| 090 00 - LOCALLY ASSIGNED LC-TYPE CALL NUMBER (OCLC); LOCAL CALL NUMBER (RLIN) | |
| Classification number (OCLC) (R) ; Classification number, CALL (RLIN) (NR) | 629.893 |
| Feature heading | ART |
| Feature heading | R |
| 245 00 - TITLE STATEMENT | |
| Title | ArTeC Robo : |
| Remainder of title | Programmable Robot T. REX |
| 264 #1 - PRODUCTION, PUBLICATION, DISTRIBUTION, MANUFACTURE, AND COPYRIGHT NOTICE | |
| Place of production, publication, distribution, manufacture | Osaka, Japan : |
| Name of producer, publisher, distributor, manufacturer | Artec Co., Ltd., |
| Date of production, publication, distribution, manufacture, or copyright notice | 2023 |
| 300 ## - PHYSICAL DESCRIPTION | |
| Extent | 1 box : |
| Other physical details | 118 pieces Block Parts, 3 Servomotor, 1 Studuino, 1 Battery Box, 1 Cable, 1 Block Remover ; |
| Dimensions | 380x270x72mm. + |
| Accompanying material | 1 Setup Guide |
| 336 ## - CONTENT TYPE | |
| Content type term | object |
| Source | rdacontent |
| 337 ## - MEDIA TYPE | |
| Media type term | unmediated |
| Source | rdamedia |
| 338 ## - CARRIER TYPE | |
| Carrier type term | volume |
| Source | rdacarrier |
| 500 ## - GENERAL NOTE | |
| General note | Download free software and instructions from www.artec-kk.co.jp/ artecrobo |
| 505 ## - FORMATTED CONTENTS NOTE | |
| Formatted contents note | A kit to build your very own T.Rex & robots! |
| Formatted contents note | 4 robots:<br/> |
| Title | Robo Kong |
| Title | Walking Robot |
| Title | Bipedal T. Rex |
| Title | Action T. Rex |
| Formatted contents note | 5 Dinosaurs: |
| Title | T. Rex |
| Title | Pteranodon |
| Title | Spinosaurus |
| Title | Kronosaurus |
| Title | Velociraptor |
| 521 ## - TARGET AUDIENCE NOTE | |
| Target audience note | 8 years old and above |
| 538 ## - SYSTEM DETAILS NOTE | |
| System details note | Windows:<br/>1. OS: XP / Vista / 7/ 8 / 8.1 / 10 (32 bit/64 bit)<br/>2. CPU: Pentium 4, 2 GHz or higher (or equivalent) recommended<br/>3. Memory: 256 MB or higher<br/>4. USB: USB2.0 port<br/>5. Software: Microsoft. NET Framework 4 is required to use this software (automatically installed with the Studuino software)<br/>6. Screen Size: XGA (1024x768) or higher<br/><br/> |
| System details note | Mac (Block Programming Environment only)<br/>1. OS: Mac OS x 10.6 or higher<br/>2. Hardware: Minimum required by OS (check the Apple website to confirm)<br/>3. USB: USB2.0 port |
| System details note | Requires three AA/ LR6 batteries (sold separetely) |
| 650 #0 - SUBJECT ADDED ENTRY--TOPICAL TERM | |
| Topical term or geographic name entry element | Robots |
| General subdivision | Programming |
| 942 ## - ADDED ENTRY ELEMENTS (KOHA) | |
| Source of classification or shelving scheme | Dewey Decimal Classification |
| Koha item type | Games |
| Withdrawn status | Lost status | Source of classification or shelving scheme | Damaged status | Not for loan | Current library | Shelving location | Date acquired | Total Checkouts | Full call number | Barcode | Date last seen | Cost, replacement price | Koha item type |
|---|---|---|---|---|---|---|---|---|---|---|---|---|---|
| Dewey Decimal Classification | Not For Loan | Perpustakaan Alor Setar | Rujukan Dewasa | 07/11/2023 | R 629.893 ART | A01795997 | 07/11/2023 | 1054.50 | Games |